Представление документа в формате MARC21

Поле Инд. ПП Название Значение
Тип записи a
Библиографический уровень a
001 Контрольный номер 8db25d5075da4d5a90cb295fdb7bb970
005 Дата корректировки 20180409143749.5
020 a ISBN 978-5-7609-0971-8
040 a Служба первич. каталог. НБ ТвГУ
b Код языка каталог. rus
e Правила каталог. PSBO
041 0_ a Код языка текста rus
097 b Оператор batjaeva_g
100 1_ a Автор Ковалевский Семен Владимирович
q Полное имя Ковалевский С. В.
245 10 a Заглавие Исследование процессов диспергирования наноструктурированной шунгитовой породы
260 a Место издания Тверь
b Издательство Тверской государственный университет
504 a Библиография Библиогр.: с. 185 (4 назв.)
520 0_ a Аннотация Исследованы процессы диспергирования наноструктурированной шунгитовой породы в различных средах. Показано, что диспергирование может быть использовано для разделения наноструктурированных шунгитовых пород на заданные компоненты и рекомендовано в качестве предварительной технологической операции их подготовки для применения в качестве наполнителей и модификаторов структуры металломатричных композиционных материалов.
653 0_ a Ключевые слова Шунгитовая порода
a Ключевые слова Наноструктурирование
a Ключевые слова Металломатричные композиты
a Ключевые слова Диспергирование
a Ключевые слова Рентгеноструктурный анализ
a Ключевые слова Романовская спектроскопия
a Ключевые слова Электронная микроскопия
700 12 a Другие авторы Калашников Игорь Евгеньевич
q Полное имя Калашников И. Е.
773 18 w Контрольный № источника 9994464931ab44c0bbc2935be4440591
t Название источника Физико-химические аспекты изучения кластеров, наноструктур и наноматериалов
d Место и дата издания Тверь : Тверской государственный университет, 2014
g Прочая информация Вып. 6. - С. 178-185
856 40 u URL http://texts.lib.tversu.ru/texts/11586t.pdf
x Примечание для ЭОР Справка УИС 2016
i Дата подключения ЭОР 20170414
x Примечание для ЭОР Реестр суммарного учета сетевых локальных документов
900 a Имя макрообъекта 11586t
901 t Тип документа a
920 a Оператор Батя